[Event "Cuiaba Contaud op"]
[Site "Cuiaba"]
[Date "2024.11.24"]
[Round "6"]
[White "Alves, Lucas Ribeiro"]
[Black "Lima, Carlos Eduardo I De"]
[Result "0-1"]
[WhiteElo "1803"]
[BlackElo "1920"]
[PlyCount "66"]
[EventDate "2024.11.22"]
[EventType "swiss"]
[EventRounds "6"]
[EventCountry "BRA"]
[SourceTitle "CB49_2024"]
[SourceDate "2024.12.04"]
[SourceVersion "1"]
[SourceVersionDate "2024.12.04"]
[SourceQuality "1"]

1. e4 e6 2. d4 d5 3. exd5 exd5 4. Nf3 Nf6 5. Bd3 Be7 6. 0-0 0-0 7. h3 Ne4 8. Re1 f5 9. c4 c6 10. Ne5 Nd7 11. Bf4 Bh4 12. g3 Bg5 13. Bxe4 fxe4 14. Bxg5 Qxg5 15. Ng4 Nf6 16. Qd2 Qf5 17. Nxf6+ Rxf6 18. g4 Qe6 19. Nc3 Bd7 20. Ne2 Raf8 21. Rf1 Rf3 22. Kg2 Qf6 23. Ng3 Qh4 24. Rae1 h5 25. Rh1 Rxf2+ 26. Qxf2 Rxf2+ 27. Kxf2 hxg4 28. hxg4 Qf6+ 29. Kg2 Qf3+ 30. Kh2 Qxg4 31. Re3 Qf4 32. Re2 Bg4 33. Rc2 Bf3 0-1

[Event "Cuiaba Contaud op"]
[Site "Cuiaba"]
[Date "2024.11.23"]
[Round "4"]
[White "Alves, Lucas Ribeiro"]
[Black "Da Silva, Fabio Lima"]
[Result "0-1"]
[WhiteElo "1803"]
[BlackElo "1788"]
[PlyCount "62"]
[EventDate "2024.11.22"]
[EventType "swiss"]
[EventRounds "6"]
[EventCountry "BRA"]
[SourceTitle "CB49_2024"]
[SourceDate "2024.12.04"]
[SourceVersion "1"]
[SourceVersionDate "2024.12.04"]
[SourceQuality "1"]

1. e4 c5 2. c3 Nf6 3. e5 Nd5 4. d4 cxd4 5. cxd4 e6 6. Nf3 Nc6 7. Bc4 d6 8. 0-0 Nb6 9. Bb5 Bd7 10. Nc3 Be7 11. exd6 Bxd6 12. d5 exd5 13. Re1+ Ne7 14. Qd4 0-0 15. Bd3 Nf5 16. Qg4 Qf6 17. Bg5 Qg6 18. Nh4 Nxh4 19. Qxh4 Qxd3 20. Re3 Qg6 21. Rd1 d4 22. Rxd4 Bc5 23. Rg3 Bxd4 24. Bh6 Qf6 25. Rxg7+ Kh8 26. Rxh7+ Kg8 27. Rg7+ Qxg7 28. Bxg7 Bxg7 29. Ne4 Rfc8 30. h3 Rc1+ 31. Kh2 Be5+ 0-1

[Event "Cuiaba Contaud op"]
[Site "Cuiaba"]
[Date "2024.11.23"]
[Round "3"]
[White "Da Costa, Gabriel Magalhaes"]
[Black "Alves, Lucas Ribeiro"]
[Result "0-1"]
[WhiteElo "1731"]
[BlackElo "1803"]
[PlyCount "77"]
[EventDate "2024.11.22"]
[EventType "swiss"]
[EventRounds "6"]
[EventCountry "BRA"]
[SourceTitle "CB49_2024"]
[SourceDate "2024.12.04"]
[SourceVersion "1"]
[SourceVersionDate "2024.12.04"]
[SourceQuality "1"]

1. Nf3 Nf6 2. g3 g6 3. Bg2 c5 4. c4 Nc6 5. b3 Bg7 6. Bb2 d6 7. Nc3 Bf5 8. d3 Rb8 9. 0-0 a6 10. h3 h5 11. Nd5 e5 12. Nd2 0-0 13. Kh2 Ne7 14. Nxf6+ Bxf6 15. e4 Bd7 16. f4 Nc6 17. f5 Kh7 18. Rf2 Bg5 19. a3 Be3 20. Rf1 Qg5 21. Nf3 Qh6 22. f6 g5 23. Qe2 g4 24. Nh4 Rg8 25. Nf5 Bxf5 26. Rxf5 Rg6 27. Raf1 h4 28. gxh4 Bf4+ 29. Kh1 Qxh4 30. Bc3 Nd4 31. Bxd4 cxd4 32. Qf2 Bg3 33. Qe2 Rh6 34. b4 Rg8 35. a4 gxh3 36. Bf3 Bf4 37. Qf2 Qxf2 38. Rxf2 h2 39. Bg2 0-1

[Event "BRA-ch U18"]
[Site "Aracaju"]
[Date "2024.05.23"]
[Round "6"]
[White "Alves, Lucas Ribeiro"]
[Black "Machado, Alessandro Mathias"]
[Result "0-1"]
[WhiteElo "1782"]
[BlackElo "1873"]
[PlyCount "93"]
[EventDate "2024.05.22"]
[EventType "swiss"]
[EventRounds "6"]
[EventCountry "BRA"]
[SourceTitle "CBM 220 Extra"]
[Source "ChessBase"]
[SourceDate "2024.07.31"]
[SourceVersion "1"]
[SourceVersionDate "2024.07.31"]
[SourceQuality "1"]

1. e4 e5 2. Nf3 Nc6 3. Bc4 Nf6 4. d3 Bc5 5. 0-0 d6 6. Bg5 h6 7. Bh4 g5 8. Bg3 Be6 9. Bb3 Qd7 10. c3 Bb6 11. Nbd2 h5 12. h4 g4 13. Ng5 Bxb3 14. Nxb3 0-0-0 15. d4 Qe7 16. d5 Nb8 17. a4 a6 18. Nd2 Nh7 19. Nxh7 Rxh7 20. Qc2 Rf8 21. b4 f5 22. exf5 Qf7 23. f6 Rh6 24. Ne4 Qxd5 25. c4 Qe6 26. a5 Bd4 27. Rac1 Nd7 28. Ng5 Qxf6 29. Nh7 Qf5 30. Nxf8 Qxc2 31. Rxc2 Nxf8 32. Kh2 Rf6 33. f3 e4 34. f4 e3 35. f5 Ne6 36. Be1 Be5+ 37. g3 Nd4 38. Ra2 e2 39. Rf2 Nf3+ 40. Kh1 Nxe1 41. Rfxe2 Bxg3 42. Re8+ Kd7 43. Rae2 Nf3 44. R2e7+ Kc6 45. Kg2 Bxh4 46. Kh1 Rxf5 47. Kg2 0-1

[Event "BRA-ch U18"]
[Site "Aracaju"]
[Date "2024.05.23"]
[Round "5"]
[White "Rocha, Lucas De Oliveira"]
[Black "Alves, Lucas Ribeiro"]
[Result "0-1"]
[WhiteElo "1869"]
[BlackElo "1782"]
[PlyCount "88"]
[EventDate "2024.05.22"]
[EventType "swiss"]
[EventRounds "6"]
[EventCountry "BRA"]
[SourceTitle "CBM 220 Extra"]
[Source "ChessBase"]
[SourceDate "2024.07.31"]
[SourceVersion "1"]
[SourceVersionDate "2024.07.31"]
[SourceQuality "1"]

1. e4 e6 2. d4 d5 3. e5 c5 4. c3 Nc6 5. Nf3 Qb6 6. a3 Nge7 7. b4 cxd4 8. cxd4 Nf5 9. Bb2 Bd7 10. g4 Nh6 11. h3 Be7 12. Nc3 a6 13. Na4 Qa7 14. Rc1 Rc8 15. Nc5 b6 16. Nxa6 0-0 17. Bd3 f6 18. exf6 gxf6 19. 0-0 Rf7 20. b5 Na5 21. Rxc8+ Bxc8 22. Nb4 Bf8 23. Qe2 Rg7 24. Rc1 Bd7 25. Na6 Bd6 26. Rc3 Nf7 27. Kh1 e5 28. dxe5 fxe5 29. Nh4 e4 30. Bc2 Be5 31. Ba4 Bxc3 32. Bxc3 Rg5 33. Bf6 Nc4 34. Qd1 Be6 35. Ng2 Rg6 36. Bb3 Rh6 37. Nf4 Qd7 38. Qd4 Nce5 39. Kg2 Bxg4 40. Qe3 Bxh3+ 41. Nxh3 Nf3 42. Nf4 d4 43. Bxd4 Qg4+ 44. Kf1 Qg1+ 0-1